| 000 -LEADER |
| fixed length control field |
00690pam a2200229 a 4500 |
| 001 - CONTROL NUMBER |
| control field |
1085981 |
| 005 - DATE AND TIME OF LATEST TRANSACTION |
| control field |
20180208094348.0 |
| 008 - FIXED-LENGTH DATA ELEMENTS--GENERAL INFORMATION |
| fixed length control field |
920731s1993 moua 001 0 eng |
| 010 ## - LIBRARY OF CONGRESS CONTROL NUMBER |
| LC control number |
92000585 |
| 020 ## - INTERNATIONAL STANDARD BOOK NUMBER |
| Cancelled/invalid ISBN |
080167064 : |
| Terms of availability |
$6.00 |
| 040 ## - CATALOGING SOURCE |
| Original cataloging agency |
DLC |
| Transcribing agency |
DLC |
| Modifying agency |
DLC |
| 041 ## - LANGUAGE CODE |
| Language code of text/sound track or separate title |
eng |
| 080 ## - UNIVERSAL DECIMAL CLASSIFICATION NUMBER |
| Universal Decimal Classification number |
616.0252 ARC |
| 082 00 - DEWEY DECIMAL CLASSIFICATION NUMBER |
| Classification number |
616.0252 ARC |
| Edition number |
20 |
| 100 ## - Rafti |
| Rafti |
1 |
| 101 ## - Shkurtesa |
| Shkurtesa |
INF |
| 245 00 - TITLE STATEMENT |
| Title |
Community first aid & safety / |
| Statement of responsibility, etc |
American Red Cross. |
| 740 0# - ADDED ENTRY--UNCONTROLLED RELATED/ANALYTICAL TITLE |
| Uncontrolled related/analytical title |
Community first aid and safety. |
| 906 ## - LOCAL DATA ELEMENT F, LDF (RLIN) |
| a |
7 |
| b |
cbc |
| c |
orignew |
| d |
1 |
| e |
ocip |
| f |
19 |
| g |
y-gencatlg |
| 942 ## - ADDED ENTRY ELEMENTS (KOHA) |
| Source of classification or shelving scheme |
|
| Item type |
Books |